000
00185 a2200085 4500
020
_a
9789386235794
100
_a
Raju
245
_a
STRUCTURAL DESIGN AND DRAWING
260
_b
Orient Blackswan
999
_c
13358
_d
13358